00545nam a22002057a 450000500170000001000110001702000100002803500110003803700160004904000120006508200130007710000220009024500520011226000460016427000150021030000260022550000510025165000160030265000210031820170124110144.0 a546742 c13.00 a546742 bCen Lib/Ret aDPLbEN a151bTOR aTorrance, E. Paul aGuiding creative talent /cby E. Paul Torrance  aNew Delhi bPrentice Hall of India c1962 bNew Delhi  aviii, 278p.c12cm(Hb) aIncludes bibliographical references and index  aPsychology  aCreative talent